[Event "Douglas Major & Minor op"]
[Site "Douglas"]
[Date "2023.11.03"]
[Round "7"]
[White "Costello, John"]
[Black "Miah, Zahed"]
[Result "0-1"]
[WhiteElo "1720"]
[BlackElo "1802"]
[PlyCount "44"]
[EventDate "2023.10.28"]
[EventType "swiss"]
[EventRounds "7"]
[EventCountry "IOM"]
[SourceTitle "CB46_2023"]
[SourceDate "2023.11.15"]
[SourceVersion "1"]
[SourceVersionDate "2023.11.15"]
[SourceQuality "1"]

1. d4 Nf6 2. Nf3 d5 3. c4 e6 4. e3 a6 5. cxd5 exd5 6. Bd3 Bd6 7. h3 0-0 8. 0-0 Re8 9. Nc3 Nbd7 10. Qc2 Qe7 11. Re1 c5 12. b3 b5 13. e4 cxd4 14. Nxd5 Qd8 15. Nxf6+ Nxf6 16. e5 Bb4 17. Re2 Bc3 18. Bb2 Nd5 19. Nxd4 Bxb2 20. Qxb2 Nf4 21. Rd2 Qd5 22. Rad1 Qxg2# 0-1

[Event "Douglas Major & Minor op"]
[Site "Douglas"]
[Date "2023.11.01"]
[Round "5"]
[White "Costello, John"]
[Black "Griffin, John P"]
[Result "1-0"]
[WhiteElo "1720"]
[BlackElo "1646"]
[PlyCount "47"]
[EventDate "2023.10.28"]
[EventType "swiss"]
[EventRounds "7"]
[EventCountry "IOM"]
[SourceTitle "CB46_2023"]
[SourceDate "2023.11.15"]
[SourceVersion "1"]
[SourceVersionDate "2023.11.15"]
[SourceQuality "1"]

1. d4 e6 2. c4 a6 3. e4 Bb4+ 4. Bd2 c5 5. Nf3 Qe7 6. Bxb4 cxb4 7. Nbd2 b6 8. Bd3 d5 9. cxd5 exd5 10. e5 f6 11. 0-0 Nc6 12. Re1 Be6 13. Qa4 Qd7 14. exf6 Nxf6 15. Rxe6+ Qxe6 16. Re1 Ne4 17. Nxe4 0-0 18. Neg5 Qd6 19. Re6 Qf4 20. Rxc6 Rac8 21. Qc2 Rce8 22. Ne6 Rxe6 23. Rxe6 Qg4 24. Re3 1-0

[Event "BCF-chT3N 1819 (4NCL)"]
[Site "England"]
[Date "2019.03.17"]
[Round "8.205"]
[White "Burke, Mitchell R"]
[Black "Costello, John"]
[Result "1/2-1/2"]
[WhiteElo "2027"]
[BlackElo "1696"]
[PlyCount "90"]
[EventDate "2018.11.10"]
[EventType "team-swiss"]
[EventRounds "11"]
[EventCountry "ENG"]
[SourceTitle "EXT 2021"]
[Source "ChessBase"]
[SourceDate "2020.10.23"]
[SourceVersion "1"]
[SourceVersionDate "2020.10.23"]
[SourceQuality "1"]
[WhiteTeam "3CS Oldham II"]
[BlackTeam "Manx Liberty II"]
[WhiteTeamCountry "ENG"]
[BlackTeamCountry "ENG"]

1. f4 d5 2. Nf3 Nf6 3. g3 g6 4. Bg2 Bg7 5. 0-0 0-0 6. d3 c6 7. c3 Qb6+ 8. e3 Bg4 9. h3 Bxf3 10. Qxf3 Nbd7 11. Kh1 Nc5 12. Rd1 Qa6 13. Bf1 Nb3 14. d4 Qa5 15. axb3 Qxa1 16. Na3 Qa2 17. b4 Qb3 18. Bd3 Qa4 19. g4 e6 20. h4 Ne4 21. Bc2 Qa6 22. Bxe4 dxe4 23. Qxe4 Qe2 24. Rg1 Qf2 25. g5 Qxh4+ 26. Kg2 Qg4+ 27. Kf2 Qf5 28. Qf3 Qd5 29. e4 Qb3 30. Rh1 Rfd8 31. e5 a5 32. bxa5 Rxa5 33. Qh3 Rxa3 34. Qxh7+ Kf8 35. bxa3 Qc2+ 36. Kf3 Qxc3+ 37. Be3 Rxd4 38. Qh2 Rd3 39. Qe2 Qb3 40. Rc1 Qd5+ 41. Kg4 Ke8 42. Bc5 Rd2 43. Qe3 Rg2+ 44. Kh3 Rd2 45. Kg4 Rg2+ 1/2-1/2

[Event "BCF-chT3N 1617 (4NCL)"]
[Site "England"]
[Date "2017.03.18"]
[Round "7.26"]
[White "Costello, John"]
[Black "Manton, Jacob"]
[Result "1/2-1/2"]
[WhiteElo "1698"]
[BlackElo "1900"]
[PlyCount "47"]
[EventDate "2016.11.26"]
[EventType "team-swiss"]
[EventRounds "11"]
[EventCountry "ENG"]
[SourceTitle "EXT 2019"]
[Source "ChessBase"]
[SourceDate "2018.10.10"]
[SourceVersion "1"]
[SourceVersionDate "2018.10.10"]
[SourceQuality "1"]
[WhiteTeam "Manx Liberty"]
[BlackTeam "3CS Oldham II"]
[WhiteTeamCountry "IOM"]
[BlackTeamCountry "ENG"]

1. d4 e6 2. c4 Nf6 3. Nc3 c5 4. d5 exd5 5. cxd5 d6 6. e4 g6 7. Nf3 Bg7 8. Bd3 0-0 9. h3 b5 10. 0-0 b4 11. Ne2 Ba6 12. Bxa6 Nxa6 13. Qd3 Qb6 14. Nd2 Rae8 15. Nc4 Qb5 16. f3 Nd7 17. Rd1 Qb8 18. Bf4 Ne5 19. Bxe5 dxe5 20. Na5 Qb6 21. Nc4 Qf6 22. Na5 Qb6 23. Nc4 Qf6 24. Na5 1/2-1/2

[Event "Douglas IoM Major op"]
[Site "Douglas"]
[Date "2016.10.08"]
[Round "6"]
[White "Costello, John"]
[Black "Gostelow, David W"]
[Result "1/2-1/2"]
[WhiteElo "1585"]
[BlackElo "1970"]
[PlyCount "62"]
[EventDate "2016.10.03"]
[EventType "swiss"]
[EventRounds "7"]
[EventCountry "IOM"]
[SourceTitle "EXT 2019"]
[Source "ChessBase"]
[SourceDate "2018.10.10"]
[SourceVersion "1"]
[SourceVersionDate "2018.10.10"]
[SourceQuality "1"]

1. d4 d5 2. c4 c6 3. cxd5 cxd5 4. Bf4 Nf6 5. Nc3 e6 6. Nf3 Bd6 7. Bxd6 Qxd6 8. e3 0-0 9. Bd3 Nc6 10. a3 Re8 11. Nb5 Qb8 12. Rc1 a6 13. Nc3 Qd6 14. 0-0 b5 15. e4 e5 16. dxe5 Nxe5 17. Nxd5 Nxd3 18. Qxd3 Nxe4 19. Rfe1 Bb7 20. Rxe4 Rxe4 21. Qxe4 Qxd5 22. Qxd5 Bxd5 23. Rc5 Bxf3 24. gxf3 g6 25. Rc6 Kg7 26. b4 Ra7 27. Kg2 Kh6 28. h4 Kh5 29. Kg3 Kh6 30. Rf6 Kg7 31. Rc6 h6 1/2-1/2